000 00661nas a2200229 4500
001 BR9103090
003 BR-BrBNA
005 20231205092044.0
007 ta
008 230509b bl.|||p| |||| 00| 00por d
040 _aBR-BrBNA
_bpor
_cBiblioteca Nacional de Agricultura
041 _a(Pt)
072 _aL01
100 1 _aGarcia Junior, A.
245 1 _aUm estabulo no apoio ao ensino [gado leiteiro, criacao]
650 _aGADO LEITEIRO
650 _aCRIACAO
650 _aESTABULO
773 0 _tGado Holandes (Brazil)
_xISSN 0101-7977
_g(Nov 1989), v. 55(168) p. 58-60
_wBR9103090
909 _a202311
_bLúcia
_c55
_dLúcia Elande
942 _2AGRIS
_n0
_cANA
999 _c128983
_d128983